| 000 | 00585nam a22001337a 4500 | ||
|---|---|---|---|
| 040 | _cRUA | ||
| 082 | _aAGR SAR 2017 B635 Or.1 | ||
| 100 | _aSAR SREYNAB សារ ស្រីណាប់ | ||
| 245 | _acomparison of different rates of molasses on green mustard ការប្រៀបធៀបបរិមាណស្កររងូខុសៗគ្នាលើដំណាំស្ពៃខៀវ | ||
| 260 |
_aRUA _bphnom penh _c2017 |
||
| 300 |
_aix;33p _bill; _c29cm; |
||
| 856 | _uhttps://drive.google.com/file/d/1fDOO-Reso_G1ERtYjue8cbaANLTPA3MF/view?usp=sharing | ||
| 942 | _cAGR | ||
| 999 |
_c17983 _d17983 |
||